Cities and the environment : (Record no. 470)
[ view plain ]
| 000 -LEADER | |
|---|---|
| fixed length control field | 00713nam a22002177a 4500 |
| 005 - DATE AND TIME OF LATEST TRANSACTION | |
| control field | 20140527070123.0 |
| 008 - FIXED-LENGTH DATA ELEMENTS--GENERAL INFORMATION | |
| fixed length control field | 990526s1999 ja b 001 0 eng |
| 020 ## - INTERNATIONAL STANDARD BOOK NUMBER | |
| International Standard Book Number | 9280810235 |
| 024 #0 - OTHER STANDARD IDENTIFIER | |
| Standard number or code | eng |
| 080 ## - UNIVERSAL DECIMAL CLASSIFICATION NUMBER | |
| Universal Decimal Classification number | 504.06 |
| 245 00 - TITLE STATEMENT | |
| Title | Cities and the environment : |
| Statement of responsibility, etc | edited by Takashi Inoguchi, Edward Newman, and Glen Paoletto. |
| 250 ## - | |
| -- | 1 st.ed.: |
| 260 ## - | |
| -- | Tokyo ; |
| -- | New York : |
| -- | United Nations University Press, |
| -- | 1999. |
| 300 ## - | |
| -- | 337 f. ; |
| -- | 23 cm. |
| 504 ## - BIBLIOGRAPHY, ETC. NOTE | |
| Bibliography, etc | Includes bibliographical references and index. |
| 650 #0 - | |
| -- | Mbrojtja e mjedisit natyror |
| 700 1# - | |
| -- | Inoguchi, Takashi. |
| 700 1# - | |
| -- | Newman, Edward, |
| 700 1# - | |
| -- | Paoletto, Glen. |
| 942 ## - ADDED ENTRY ELEMENTS (KOHA) | |
| Source of classification or shelving scheme | |
| Item type | Books |
| Withdrawn status | Lost status | Source of classification or shelving scheme | Damaged status | Not for loan | Collection code | Permanent location | Current location | Shelving location | Date acquired | Total Checkouts | Full call number | Barcode | Date last seen | Koha item type | Price effective from |
|---|---|---|---|---|---|---|---|---|---|---|---|---|---|---|---|
| Koleksioni i përgjithshem | UBT - Ferizaj | UBT - Ferizaj | Koleksioni i përgjithshem | 05/27/2014 | 504.06 CIT | 003000526 | 05/27/2014 | Books | |||||||
| Koleksioni i përgjithshem | UBT - Ferizaj | UBT - Ferizaj | Koleksioni i përgjithshem | 05/27/2014 | 504.06 CIT | 003000527 | 05/27/2014 | Books | |||||||
| Koleksioni i përgjithshem | UBT - Ferizaj | UBT - Ferizaj | Koleksioni i përgjithshem | 05/27/2014 | 504.06 CIT | 003000528 | 05/27/2014 | Books | |||||||
| Koleksioni i përgjithshem | UBT - Ferizaj | UBT - Ferizaj | Koleksioni i përgjithshem | 05/27/2014 | 504.06 CIT | 003000529 | 05/27/2014 | Books | |||||||
| Koleksioni i përgjithshem | UBT - Ferizaj | UBT - Ferizaj | Koleksioni i përgjithshem | 05/27/2014 | 504.06 CIT | 003000530 | 05/27/2014 | Books | |||||||
| Koleksioni i përgjithshem | UBT - Ferizaj | UBT - Ferizaj | Koleksioni i përgjithshem | 05/27/2014 | 504.06 CIT | 003000531 | 05/27/2014 | Books | |||||||
| Koleksioni i përgjithshem | UBT - Ferizaj | UBT - Ferizaj | Koleksioni i përgjithshem | 05/27/2014 | 504.06 CIT | 003000532 | 05/27/2014 | Books | |||||||
| Koleksioni i përgjithshem | UBT - Ferizaj | UBT - Ferizaj | Koleksioni i përgjithshem | 05/27/2014 | 504.06 CIT | 003000534 | 05/27/2014 | Books | |||||||
| Koleksioni i përgjithshem | UBT - Ferizaj | UBT - Ferizaj | Koleksioni i përgjithshem | 05/27/2014 | 504.06 CIT | 003000533 | 05/27/2014 | Books | |||||||
| Koleksioni i përgjithshem | UBT - Ferizaj | UBT - Ferizaj | Koleksioni i përgjithshem | 05/27/2014 | 504.06 CIT | 003000535 | 05/27/2014 | Books | |||||||
| Koleksioni i përgjithshem | UBT - Lipjan | UBT - Lipjan | Koleksioni i përgjithshem | 06/01/2015 | 504.06 CIT | 06/01/2015 | Books | 06/01/2015 |